De natura deorum ; Academica /

Bibliographic Details
Main Author: Cicero, Marcus Tullius
Other Authors: Rackham, H. (Harris), 1868-1944
Format: Book
Language:Latin
English
Published: London : New York : W. Heinemann, ltd. ; G.P. Putnam's sons, 1933.
Series:Loeb classical library.

MARC

Tag First Indicator Second Indicator Subfields
LEADER 00000cam a2200000 a 4500
001 in00000070581
005 20151008061822.0
008 720517s1933 enk b 00110 latm
010 |a  33017274  
035 |a (OCoLC)00310785 
035 |9 AAJ8889AM 
040 |a DLC  |c WSU  |d m.c.  |d SER  |d TXA  |d UtOrBLW 
041 0 |a lat  |a eng 
049 |a TXAM  |c [1441802] 
050 0 0 |a PA6156.C5  |b A2 1933 
051 |a PA6296  |b .D4 1933  |c Copy 2. 
082 0 |a 875.4 
100 1 |a Cicero, Marcus Tullius. 
245 1 0 |a De natura deorum ;  |b Academica /  |c Cicero ; with an English translation by H. Rackham. 
264 1 |a London :  |b W. Heinemann, ltd. ;  |a New York :  |b G.P. Putnam's sons,  |c 1933. 
300 |a xix, 663 pages ;  |c 17 cm. 
336 |a text  |b txt  |2 rdacontent 
337 |a unmediated  |b n  |2 rdamedia 
338 |a volume  |b nc  |2 rdacarrier 
490 1 |a The Loeb classical library. [Latin authors] 
500 |a Latin and English on opposite pages. 
504 |a Includes bibliographical references and indexes. 
740 0 |a Academica. 
700 1 |a Rackham, H.  |q (Harris),  |d 1868-1944. 
830 0 |a Loeb classical library. 
999 |a MARS 
999 f f |s dc2511fe-dd36-388b-8d6f-b811ec9a1f59  |i f239e5c4-fa32-36b4-be49-7111e3e7195f  |t 0 
952 f f |p normal  |a Texas A&M University  |b College Station  |c Sterling C. Evans Library  |d Evans: Library Stacks  |t 0  |e PA6156.C5 A2 1933  |h Library of Congress classification  |i unmediated -- volume  |m A14806173654 
998 f f |a PA6156.C5 A2 1933  |t 0  |l Evans: Library Stacks